[Event "2. AUT Bundesliga 2020-21"]
[Site "Graz"]
[Date "2021.03.12"]
[Round "1.11"]
[White "Marakovits, Nico"]
[Black "Hafner, Robert"]
[Result "1/2-1/2"]
[WhiteElo "2214"]
[BlackElo "2006"]
[Annotator "broadcasts"]
[PlyCount "116"]
[EventDate "2021.01.17"]
[EventType "team-tourn"]
[EventCountry "AUT"]
[TimeControl "40/5400+30:1800+30"]

1. d4 {[%emt 0:00:00]} d5 {[%emt 0:00:00]} 2. c4 {[%emt 0:00:00]} c6 {[%emt 0:00:00]} 3. cxd5 {[%emt 0:00:01]} cxd5 {[%emt 0:00:00]} 4. Nc3 {[%emt 0:00:57]} Nf6 {[%emt 0:00:00]} 5. Bf4 {[%emt 0:00:23]} Nc6 {[%emt 0:00:59]} 6. Nf3 {[%emt 0:00:41]} e6 {[%emt 0:00:04]} 7. e3 {[%emt 0:01:01]} Bd6 {[%emt 0:00:05]} 8. Bg3 {[%emt 0:00:15]} O-O {[%emt 0:00:07]} 9. Bd3 {[%emt 0:00:35]} Qe7 {[%emt 0:03:43]} 10. O-O {[%emt 0:04:49]} Bd7 {[%emt 0:00:08]} 11. Qe2 {[%emt 0:06:10]} Rfc8 {[%emt 0:00:16]} 12. Rfc1 {[%emt 0:02:31]} Be8 {[%emt 0:00:14]} 13. Bh4 {[%emt 0:01:55]} Qd8 {[%emt 0:05:03]} 14. a3 {[%emt 0:06:04]} Be7 {[%emt 0:05:30]} 15. Nd2 {[%emt 0:04:23]} a6 {[%emt 0:06:12]} 16. b4 {[%emt 0:08:05]} Nd7 {[%emt 0:15:05]} 17. Bxe7 {[%emt 0:02:15]} Qxe7 {[%emt 0:01:58]} 18. Na4 {[%emt 0:04:36]} b5 {[%emt 0:03:53]} 19. Nc5 {[%emt 0:00:50]} Nb6 {[%emt 0:00:36]} 20. Qh5 {[%emt 0:02:14]} h6 {[%emt 0:04:15]} 21. Qd1 {[%emt 0:00:15]} Nc4 {[%emt 0:04:32]} 22. Nxc4 {[%emt 0:04:40]} bxc4 {[%emt 0:02:29]} 23. Be2 {[%emt 0:02:33]} Nd8 {[%emt 0:08:44]} 24. e4 {[%emt 0:05:34]} Nb7 {[%emt 0:05:30]} 25. exd5 {[%emt 0:02:14]} exd5 {[%emt 0:00:08]} 26. Bf3 {[%emt 0:01:00]} Bc6 {[%emt 0:01:51]} 27. Na4 {[%emt 0:04:44]} Bxa4 {[%emt 0:08:05]} 28. Qxa4 {[%emt 0:00:06]} Qd6 {[%emt 0:02:11]} 29. Re1 {[%emt 0:03:07]} f6 {[%emt 0:18:01]} 30. Bg4 {[%emt 0:04:22]} Rd8 {[%emt 0:00:13]} 31. g3 {[%emt 0:02:15]} Qb6 {[%emt 0:00:27]} 32. Rad1 {[%emt 0:01:24]} Qb5 {[%emt 0:01:46]} 33. Qc2 {[%emt 0:00:37]} Re8 {[%emt 0:02:08]} 34. Be6+ {[%emt 0:01:34]} Kh8 {[%emt 0:00:34]} 35. Qg6 {[%emt 0:02:36]} Nd6 {[%emt 0:00:14]} 36. Qh5 {[%emt 0:00:46]} Rad8 {[%emt 0:02:16]} 37. Qxd5 {[%emt 0:08:26]} Qxd5 {[%emt 0:00:32]} 38. Bxd5 {[%emt 0:00:06]} Rxe1+ {[%emt 0:00:22]} 39. Rxe1 {[%emt 0:00:07]} c3 {[%emt 0:00:12]} 40. Rc1 {[%emt 0:00:00]} Nb5 {[%emt 0:00:00]} 41. Bf3 {[%emt 0:14:29]} Nxa3 {[%emt 0:08:57]} 42. Rxc3 {[%emt 0:01:27]} Nb5 {[%emt 0:00:07]} 43. Rb3 {[%emt 0:08:03]} Nxd4 {[%emt 0:01:08]} 44. Ra3 {[%emt 0:01:57]} Nxf3+ {[%emt 0:00:39]} 45. Rxf3 {[%emt 0:01:05]} Rb8 {[%emt 0:00:09]} 46. Rf4 {[%emt 0:00:05]} Rb5 {[%emt 0:00:04]} 47. Kg2 {[%emt 0:00:56]} a5 {[%emt 0:00:09]} 48. bxa5 {[%emt 0:00:06]} Rxa5 {[%emt 0:00:04]} 49. Rb4 {[%emt 0:00:18]} Kh7 {[%emt 0:00:13]} 50. h4 {[%emt 0:00:25]} h5 {[%emt 0:00:22]} 51. Kf3 {[%emt 0:01:19]} Kg6 {[%emt 0:00:13]} 52. Kf4 {[%emt 0:00:45]} Rf5+ {[%emt 0:00:14]} 53. Ke3 {[%emt 0:00:05]} Ra5 {[%emt 0:00:06]} 54. f3 {[%emt 0:00:41]} Re5+ {[%emt 0:03:32]} 55. Re4 {[%emt 0:00:09]} Ra5 {[%emt 0:00:08]} 56. g4 {[%emt 0:00:49]} hxg4 {[%emt 0:00:38]} 57. Rxg4+ {[%emt 0:00:24]} Kh6 {[%emt 0:00:48]} 58. Rd4 {[%emt 0:01:23]} Rb5 {[%emt 0:00:24]} 1/2-1/2

[Event "2. AUT Bundesliga 2020-21"]
[Site "Graz"]
[Date "2021.03.12"]
[Round "1.12"]
[White "Bresch, Manfred"]
[Black "Stradner, Stefan"]
[Result "1/2-1/2"]
[WhiteElo "2008"]
[BlackElo "2124"]
[Annotator "broadcasts"]
[PlyCount "62"]
[EventDate "2021.01.17"]
[EventType "team-tourn"]
[EventCountry "AUT"]
[TimeControl "40/5400+30:1800+30"]

1. e4 {[%emt 0:00:00]} e6 {[%emt 0:00:00]} 2. d4 {[%emt 0:00:00]} d5 {[%emt 0:00:00]} 3. exd5 {[%emt 0:00:31]} exd5 {[%emt 0:00:00]} 4. Nf3 {[%emt 0:00:20]} Nf6 {[%emt 0:00:40]} 5. Bd3 {[%emt 0:01:13]} c5 {[%emt 0:00:35]} 6. O-O {[%emt 0:03:16]} c4 {[%emt 0:01:01]} 7. Be2 {[%emt 0:00:05]} Bd6 {[%emt 0:01:53]} 8. Bg5 {[%emt 0:03:30]} O-O {[%emt 0:00:55]} 9. Nc3 {[%emt 0:02:20]} Be6 {[%emt 0:01:45]} 10. Ne5 {[%emt 0:05:04]} Nc6 {[%emt 0:25:57]} 11. Ng4 {[%emt 0:07:59]} Be7 {[%emt 0:03:10]} 12. Bf3 {[%emt 0:11:41]} Nxg4 {[%emt 0:04:30]} 13. Bxe7 {[%emt 0:00:13]} Qxe7 {[%emt 0:01:51]} 14. Bxg4 {[%emt 0:01:33]} Qf6 {[%emt 0:05:37]} 15. Bxe6 {[%emt 0:13:51]} fxe6 {[%emt 0:00:23]} 16. Ne2 {[%emt 0:02:02]} Rae8 {[%emt 0:05:24]} 17. f4 {[%emt 0:04:10]} Ne7 {[%emt 0:04:12]} 18. Qd2 {[%emt 0:03:40]} Nf5 {[%emt 0:03:30]} 19. Rae1 {[%emt 0:02:32]} h5 {[%emt 0:02:26]} 20. Rf3 {[%emt 0:05:05]} g6 {[%emt 0:04:48]} 21. a3 {[%emt 0:02:46]} Re7 {[%emt 0:07:01]} 22. c3 {[%emt 0:02:57]} Nd6 {[%emt 0:05:43]} 23. Ng3 {[%emt 0:02:53]} h4 {[%emt 0:00:15]} 24. Nh1 {[%emt 0:00:04]} Ne4 {[%emt 0:06:03]} 25. Qc2 {[%emt 0:00:56]} Kf7 {[%emt 0:02:10]} 26. Nf2 {[%emt 0:00:29]} Nxf2 {[%emt 0:00:55]} 27. Qxf2 {[%emt 0:00:11]} Rc7 {[%emt 0:00:46]} 28. Re5 {[%emt 0:01:06]} Kg7 {[%emt 0:00:45]} 29. Rg5 {[%emt 0:03:03]} Rh8 {[%emt 0:00:16]} 30. Rh3 {[%emt 0:02:30]} Rf7 {[%emt 0:00:15]} 31. Rf3 {[%emt 0:00:45]} Rc7 {[%emt 0:00:10]} 1/2-1/2

[Event "2. AUT Bundesliga 2020-21"]
[Site "Graz"]
[Date "2021.03.12"]
[Round "1.13"]
[White "Kadric, Denis"]
[Black "Huber, Martin Christian"]
[Result "1-0"]
[WhiteElo "2577"]
[BlackElo "2344"]
[Annotator "TA"]
[PlyCount "85"]
[EventDate "2021.01.17"]
[EventType "team-tourn"]
[EventCountry "AUT"]

{[%evp 21,85,9,12,14,11,0,5,0,0,0,25,-13,-19,-13,-27,-14,-27,-25,0,-31,-29,-29,-11,-14,-14,-14,-18,-22,6,6,6,6,6,3,7,0,0,0,0,0,0,0,0,-12,0,0,0,0,0,0,14,13,29,33,43,37,55,57,175,175,170,115,115,127,296,288]} 1. e4 e5 2. Nf3 Nc6 3. Bc4 Nf6 4. d3 Bc5 5. c3 a6 6. O-O Ba7 7. Nbd2 {[%cal Bb1d2,Bd2f1,Bf1g3][%mdl 32]} O-O 8. h3 d6 9. Bb3 h6 10. Re1 Re8 11. Nf1 Be6 12. Bc2 {12.Be3 is the modern continuation. C54: Giuoco Piano: 4 c3 Nf6, main lines with 5 d4 and 5 d3.} d5 13. exd5 Qxd5 14. Ng3 {The position is equal.} Rad8 15. Qe2 Bc8 {[#]} 16. Be3 $146 {[#]} ({Predecessor:} 16. Ne4 Nxe4 17. dxe4 Qd6 18. Be3 Bxe3 19. Qxe3 Qe7 20. Rad1 Rxd1 21. Rxd1 Rd8 22. Rxd8+ Qxd8 {½-½ (34) Zhu,J (2154)-Guo,Q (2413) China 2017}) 16... Nd4 $1 17. Bxd4 exd4 18. Ne4 Nxe4 19. dxe4 d3 {Strongly threatening ...Qd7.} 20. exd5 (20. Rad1 {keeps more tension.} Qxa2 21. Bxd3 Be6 22. e5 Qa4 23. b4) 20... dxe2 21. Bb3 $1 Bf5 {...Bd3 is the strong threat.} 22. Bc4 Kf8 23. Rac1 Be4 24. Rxe2 Bxd5 25. Rxe8+ Kxe8 26. Re1+ Kf8 {[#]} 27. Rd1 $1 c6 28. Bxa6 bxa6 29. c4 $1 Ke7 30. cxd5 cxd5 $11 {[%mdl 4096] Endgame KRB-KRN} 31. Ne5 {And now Nc6+ would win.} Rc8 32. Nd3 Rc2 33. Kf1 Kd6 34. Ke1 a5 (34... g5 {seems wilder.} 35. Rd2 Rc4 36. Kd1 Rd4 37. f3 Bb6) 35. Rd2 Rxd2 (35... Rc7 {feels hotter.} 36. Kd1 Bd4 37. Nf4 Ke5 38. Nd3+ Kd6) 36. Kxd2 {KB-KN} g5 37. Kc3 Bb6 38. Kb3 Bc7 39. Ka4 Kc6 {[#]} ({Black should try} 39... d4 $14) 40. b4 $1 $18 axb4 41. Nxb4+ Kd6 42. Kb5 Bb8 $2 {[#]} (42... Ke5 $16 {is a better defense.} 43. a4 Kd4) 43. Nc6 $1 {[%cal Rc6b8] Weighted Error Value: White=0.03/Black=0.18} 1-0

[Event "2. AUT Bundesliga 2020-21"]
[Site "Graz"]
[Date "2021.03.12"]
[Round "1.14"]
[White "Eder, Matthias"]
[Black "Ftacnik, Lubomir"]
[Result "0-1"]
[WhiteElo "2170"]
[BlackElo "2512"]
[Annotator "TA"]
[PlyCount "74"]
[EventDate "2021.01.17"]
[EventType "team-tourn"]
[EventCountry "AUT"]

{[%evp 9,74,-18,19,0,6,0,10,0,0,0,25,0,7,-15,-14,-16,-12,-18,-16,-17,-25,0,-6,-70,-58,-56,-58,-79,-80,-71,-62,-91,-89,-92,-87,-94,-41,-50,-55,-97,-48,-91,-77,-73,-70,-107,-109,-142,-148,-149,-151,-140,-64,-93,-93,-94,-93,-95,-99,-108,-112,-105,-106,-245,-256,-230,-228]} 1. e4 c5 2. b4 cxb4 3. a3 d5 4. exd5 Qxd5 5. Nf3 Nc6 {[%cal Bb8c6,Bc6d4,Bd4e2][%mdl 32]} 6. axb4 {B20: Sicilian: Unusual White 2nd moves.} Bg4 {Hoping for ...Bxf3.} 7. Nc3 Qe6+ 8. Be2 {The position is equal.} Bxf3 9. gxf3 Nd4 {( -> ...Nxf3+)} (9... Nf6 {looks sharper.} 10. Bb2 Qe5 11. d4 Qxd4 12. Qxd4 Nxd4 13. Nb5 Nxc2+ 14. Kd2 Nxa1 15. Nc7+ Kd7) 10. O-O (10. Ne4 {is more complex.} g6 11. c3 Nxe2 12. Qa4+ Kd8 13. Nc5) 10... Nxe2+ 11. Nxe2 Nf6 12. Re1 {[#]} Qd5 $146 ({Predecessor:} 12... Qd7 13. c4 e6 14. Qa4 b5 15. cxb5 Nd5 16. Bb2 Bxb4 17. Nd4 O-O 18. Nc6 Bd6 {1-0 (27) Badmatsyrenov,O (2486)-Angarov,D (1983) Ulan Ude 2013}) 13. c4 Qxc4 {Threatening ...e6.} 14. Qa4+ $1 b5 15. Qa6 {Strongly threatening Nd4!} e6 16. d3 (16. Bb2 $11) 16... Qc8 $36 {[%mdl 2048] White must now prevent ...Qxa6. Black has good play.} 17. Qxb5+ Qd7 18. Qxd7+ Kxd7 19. Bd2 Bd6 20. Ra2 Rhb8 21. Rea1 Rb7 22. Nf4 e5 (22... Bxb4 $17 23. Bxb4 Rxb4 24. Rxa7+ Rxa7 25. Rxa7+ Ke8 26. Ra8+ Ke7 27. Ra7+ Nd7) 23. Ne2 $15 Nd5 24. b5 Ke6 25. Rb1 Rab8 26. d4 Rxb5 27. Rxb5 Rxb5 28. dxe5 Bxe5 ({But not} 28... Kxe5 29. Bc1 $15) 29. f4 Rb1+ 30. Kg2 {[#]} Bb8 ({Black should play} 30... Ra1 $1 $17 31. Rc2 Bf6) 31. Nd4+ {[#]} Kd7 $1 32. Ra5 Ne7 33. Be3 Rb7 34. Ra6 Bc7 35. Nf3 Nd5 36. Nd4 (36. Ne5+ $17 {is a better defense.} Kc8 37. Kf3) 36... Nxf4+ $19 ({Don't do} 36... Bxf4 37. Bxf4 Nxf4+ 38. Kg3) 37. Bxf4 Bxf4 {Weighted Error Value: White=0.18/Black=0.08} 0-1

[Event "2. AUT Bundesliga 2020-21"]
[Site "Graz"]
[Date "2021.03.12"]
[Round "1.15"]
[White "Milanovic, Danilo"]
[Black "Kristoferitsch, Daniel"]
[Result "1-0"]
[WhiteElo "2466"]
[BlackElo "2166"]
[Annotator "TA"]
[PlyCount "151"]
[EventDate "2021.01.17"]
[EventType "team-tourn"]
[EventCountry "AUT"]

{[%evp 13,151,-14,-16,-34,9,-12,-15,-27,0,14,0,-7,-4,0,1,-31,0,-28,85,44,44,15,23,25,34,42,33,30,45,32,80,61,182,110,245,74,81,81,95,0,37,39,45,35,83,19,9,11,11,15,14,0,0,0,0,0,0,1,6,3,5,5,33,33,33,33,59,59,86,82,83,47,58,0,83,59,94,59,62,62,68,39,59,47,68,68,83,83,84,85,143,141,122,102,141,141,162,162,171,70,93,70,75,25,199,185,679,634,621,583,29957,29958,29953,29957,29963,29965,29971,29966,29968,29969,29966,29969,29973,29967,29971,29967,29966,29967,29965,29967,29963,0,0,0,0,8,183,183,29984,29986]} 1. d4 Nf6 2. c4 e6 3. Nc3 Bb4 4. e3 O-O 5. a3 Bxc3+ 6. bxc3 Nc6 7. Bd3 e5 8. Ne2 {E40: Nimzo-Indian: Rubinstein (4 e3): Unusual Black 4th moves.} b6 (8... e4 $5 {[%cal Re4d3]} 9. Bb1 b6 $15) 9. Ng3 Re8 10. O-O {[#] The position is equal.} Ba6 $146 (10... e4 $5 {[%cal Re4d3]} 11. Be2 Ba6 $15) ({Predecessor:} 10... e4 11. Be2 Ba6 12. f3 exf3 13. Rxf3 Na5 14. Bd3 d5 15. cxd5 Bxd3 16. Qxd3 Qxd5 17. Rxf6 gxf6 {½-½ (39) Szabo,L (2530)-Ervin,R Lone Pine 1977}) 11. e4 exd4 12. cxd4 Nxd4 13. Bb2 c5 14. Qd2 Nb3 15. Qf4 {Strongly threatening e5.} Re6 (15... d5 $11 16. Nf5 d4) 16. Rad1 Nd4 17. Rfe1 d6 18. Bf1 Ne8 19. Bxd4 cxd4 20. Rxd4 Qf6 21. Qd2 Rc8 22. Nf5 Re5 ({Black should play} 22... Rc5 $14) 23. Nxd6 ({Better is} 23. f4 $1 $18 {[%cal Rf4e5]} Re6 24. g3) 23... Rd8 {[#]} (23... Nxd6 $16 {is a better defense.} 24. Rxd6 Qe7) 24. Nxe8 $2 (24. f4 $1 $18 {and the rest is easy.} Ra5 25. e5) 24... Rdxe8 25. Rd7 Qc6 26. Rd4 (26. Qd4 $16) 26... g6 {[%cal Re5e4]} 27. f3 Qc5 28. Qe3 f5 29. Rd5 (29. Rd7 $16) 29... Qxe3+ $11 30. Rxe3 fxe4 31. Rxe5 Rxe5 32. fxe4 {[%mdl 4096] Endgame KRB-KRB} Rc5 33. Rd3 Bxc4 34. Rd8+ Kg7 35. Rd7+ Kf6 36. Rxa7 Bxf1 37. Kxf1 {KR-KR} Ke5 38. Rxh7 Kxe4 39. Rh4+ Ke3 {[%cal Rc5c1]} 40. Rh3+ Ke4 41. Rb3 b5 42. Rf3 Ke5 43. Rb3 Ke4 $1 44. h3 Kf4 45. Kf2 Rc2+ 46. Kg1 Rc5 47. Kh2 Rd5 48. Rf3+ Ke5 49. Kg3 Rd4 50. Rb3 Kf6 51. Kf3 Ra4 (51... Rd2 $142) 52. Ke3 (52. Rxb5 $6 Rxa3+ 53. Kg4 Ra4+ 54. Kg3 g5 $14) 52... Ke6 53. Kd2 (53. Rxb5 Rxa3+ 54. Kf4 Kf6 $14) 53... Kf6 54. Kc2 (54. Rxb5 $6 Rxa3 55. Ke2 g5 $14) 54... Ke6 55. Kb2 ({Don't take} 55. Rxb5 $6 Rxa3 56. Rg5 Kf6 $14) 55... Re4 56. Rg3 ({Resist} 56. Rxb5 Re2+ 57. Kb3 Rxg2 $16) (56. g4 $1 $18) 56... Kf5 57. Kb3 g5 $1 58. Rc3 {Black should prevent Rc5+.} Kf4 $2 (58... g4 $11 {and Black is okay.}) 59. Rc5 $18 Re2 $2 {[#]} (59... Re3+ 60. Kb4 Rg3) 60. g3+ $1 {[%mdl 64] Decoy} Kxg3 61. Rxg5+ Kxh3 62. Rxb5 Kg4 63. a4 Kf4 64. a5 Re1 65. Rh5 Ke4 66. Kc4 Ra1 67. Kb5 Kd4 68. Kb6 Rg1 69. Rc5 Rb1+ 70. Rb5 Rh1 71. a6 {[%cal Ba5a6,Ba6a7][%mdl 32]} Rh6+ 72. Ka7 $2 (72. Ka5 {mates} Rh7 73. Rb7 Rh5+ 74. Ka4 Rh6 75. Kb5 Rh5+ 76. Ka4 Rh8 77. a7) 72... Kc4 $1 $11 {[%cal Rc4b5]} 73. Rb6 Rh8 74. Rb8 Rh6 {[#] intending ...Kc5.} 75. Kb7 $1 Kb5 $2 (75... Rh7+ $18 76. Kb6 Rh6+ 77. Ka5 Rh5+ 78. Ka4 Rh1 79. Rc8+ Kd5) 76. a7 {Weighted Error Value: White=0.19/Black=0.40} 1-0

[Event "2. AUT Bundesliga 2020-21"]
[Site "Graz"]
[Date "2021.03.12"]
[Round "1.16"]
[White "Teuschler, Barbara"]
[Black "Druska, Juraj"]
[Result "0-1"]
[WhiteElo "2109"]
[BlackElo "2495"]
[Annotator "TA"]
[PlyCount "62"]
[EventDate "2021.01.17"]
[EventType "team-tourn"]
[EventCountry "AUT"]

{[%evp 16,62,2,6,7,0,9,8,6,7,9,0,9,-26,-31,-23,-30,-26,-14,-22,-17,-38,-12,-66,-62,-113,-111,-129,-129,-133,-119,-144,-60,-131,-130,-165,-160,-151,-162,-215,-146,-246,-246,-264,-270,-271,-279,-290,-244]} 1. e4 c5 2. Nf3 Nc6 3. Nc3 g6 4. d4 cxd4 5. Nxd4 Bg7 6. Nb3 Nf6 7. Be2 O-O 8. O-O d6 9. Re1 Re8 {B70: Sicilian Dragon: 6 g3 and 6 Be2 (without a later Be3).} 10. Bf1 b6 11. Bg5 Bb7 {The position is equal.} 12. Qd2 Rc8 {[%cal Ba8c8,Bc8c4,Bc4g4][%mdl 32]} 13. Rad1 {[#]} Ne5 $146 ({Predecessor:} 13... Na5 14. Nxa5 bxa5 15. e5 dxe5 16. Qxd8 Rcxd8 17. Rxd8 Rxd8 18. Rxe5 h6 19. Rxe7 Bxg2 20. Kxg2 hxg5 {1-0 (71) Alok,S (2047)-Marcetic,N (2342) Veliko Gradiste 2018}) 14. Nd5 Nxd5 15. exd5 Nc4 16. Bxc4 Rxc4 17. c3 Qd7 18. Qd3 Rg4 19. Bc1 (19. f4 $11) 19... e5 $15 20. Re4 {[#]} (20. c4 $15) 20... Ba6 $1 {[%mdl 512]} 21. Qf3 (21. Qh3 f5) 21... Rxe4 22. Qxe4 Rc8 23. Nd2 Qb5 (23... f5 $17 24. Qb4 Qc7) 24. h4 ({White should play} 24. c4 $15 Qa4 25. b3 Qxa2 26. Qe3) 24... f5 $36 {[%mdl 2048] Keeping White busy.} 25. a4 Qd3 ({Worse is} 25... fxe4 26. axb5 Bxb5 27. Nxe4 $11) 26. Qxd3 Bxd3 27. Re1 (27. g3 $142) 27... Bc2 28. a5 (28. g3 $17) 28... bxa5 $19 {[%cal Bb6a5,Ba5a4][%mdl 32]} 29. h5 a4 {Black has a decisive advantage.} 30. hxg6 hxg6 31. Nf3 Bb3 {Weighted Error Value: White=0.24/Black=0.11} 0-1

[Event "2. AUT Bundesliga 2020-21"]
[Site "Graz"]
[Date "2021.03.12"]
[Round "1.17"]
[White "Borhy, Marcell"]
[Black "Wendl, Philipp"]
[Result "1-0"]
[WhiteElo "2392"]
[BlackElo "1942"]
[Annotator "TA"]
[PlyCount "69"]
[EventDate "2021.01.17"]
[EventType "team-tourn"]
[EventCountry "AUT"]

{[%evp 19,69,45,61,23,60,12,44,34,37,34,70,22,93,70,57,54,45,36,38,28,33,0,77,20,156,158,242,249,215,177,433,255,864,817,29996,2917,29995,29994,29994,29979,29995,29979,2219,619,610,602,600,601,576,583,883,878]} 1. Nf3 d5 2. d4 Nf6 3. c4 dxc4 4. e3 e6 5. Bxc4 c5 6. O-O Nc6 7. Nc3 a6 8. Qe2 cxd4 9. Rd1 Be7 10. exd4 O-O 11. Bg5 {D26: Queen's Gambit Accepted: 4 e3 e6 5 Bxc5 c5 sidelines.} Re8 12. Rac1 (12. Bxf6 $5 Bxf6 13. Ne4 $14) 12... h6 (12... b5 $5 {[%cal Rb5c4]} 13. d5 Nxd5 14. Bxd5 exd5 15. Rxd5 Qc7 $14) 13. Bh4 {White is slightly better.} Nd5 {Strongly threatening ...Nxc3.} 14. Bg3 {[#]} Bf6 $146 ({Predecessor:} 14... b5 15. Bb3 Bb7 16. Ne4 Rc8 17. Nc5 Nxd4 18. Nxd4 Bxc5 19. Nf3 Qb6 20. Ne5 Red8 {0-1 (27) Somogyi,I (2253)-Vass,V (2158) Budapest 2001}) 15. Qe4 {[%cal Rc3d5]} Nxc3 (15... Ncb4 $11 {keeps the balance.}) 16. bxc3 Bd7 17. Bd3 {White wants to mate with Qh7+.} g6 18. c4 Rc8 19. Qe3 Bg7 20. Rb1 Na5 (20... Ne7 $11) 21. Rdc1 ({White should try} 21. Ne5 $16) 21... g5 {[#]} (21... e5 $11) 22. h4 $1 $36 {[%cal Rh4g5][%mdl 2048] White is on the roll.} Bc6 (22... f6 $16 23. hxg5 hxg5) 23. hxg5 $18 hxg5 24. Nxg5 Qxd4 (24... Bxd4 25. Qf4 Qf6) 25. Qe2 (25. Bh7+ $142 Kh8 26. Qe2) 25... f5 $2 {[#]} (25... Re7 26. Bh7+ Kf8) 26. Qh5 $1 Qxd3 (26... Re7 27. Bxf5) 27. Rd1 (27. Qf7+ $142 Kh8 {[#]} 28. Be5 $1 {[%mdl 512]} Qd1+ 29. Rxd1 Bxe5 30. Qh7#) 27... Qc3 28. Qh7+ Kf8 29. Bd6+ Re7 30. Nxe6+ Kf7 31. Nxg7 (31. Ng5+ $142 Kf6 32. Bxe7+ Kxe7 33. Qxf5 Qxc4 34. Re1+ Kd6 35. Qxc8) 31... Qxg7 32. Qxf5+ {[%mdl 64] Double Attack} Kg8 {[%csl Gc6][%cal Rg7g2]} 33. Qxc8+ Re8 {[%csl Gc6][%cal Rg7g2]} 34. Qh3 Nxc4 35. Rb3 {Weighted Error Value: White=0.50/Black=1.14} 1-0

[Event "2. AUT Bundesliga 2020-21"]
[Site "Graz"]
[Date "2021.03.12"]
[Round "1.18"]
[White "Pretterhofer, Kiaras"]
[Black "Steiner, Peter"]
[Result "1/2-1/2"]
[WhiteElo "1979"]
[BlackElo "1968"]
[Annotator "NA"]
[PlyCount "33"]
[EventDate "2021.01.17"]
[EventType "team-tourn"]
[EventCountry "AUT"]
[TimeControl "40/5400+30:1800+30"]

1. Nf3 {[%emt 0:00:00]} Nf6 {[%emt 0:00:00]} 2. d4 {[%emt 0:00:00]} g6 {[%emt 0:00:00]} 3. c4 {[%emt 0:00:36]} Bg7 {[%emt 0:00:03]} 4. Nc3 {[%emt 0:00:10]} O-O {[%emt 0:00:24]} 5. e4 {[%emt 0:01:40]} d6 {[%emt 0:00:08]} 6. Be2 {[%emt 0:01:12]} e5 {[%emt 0:00:31]} 7. dxe5 {[%emt 0:00:23]} dxe5 {[%emt 0:00:08]} 8. Qxd8 {[%emt 0:00:03]} Rxd8 {[%emt 0:00:11]} 9. Bg5 {[%emt 0:01:56]} Re8 {[%emt 0:01:26]} 10. O-O-O {[%emt 0:03:31]} Na6 {[%emt 0:17:50]} 11. h3 {[%emt 0:08:53]} Be6 {[%emt 0:14:31]} 12. Be3 {[%emt 0:03:37]} c6 {[%emt 0:06:45]} 13. Ng5 {[%emt 0:06:20]} Bc8 {[%emt 0:07:39]} 14. Nf3 {[%emt 0:01:34]} Be6 {[%emt 0:00:12]} 15. Ng5 {[%emt 0:00:54]} Bc8 {[%emt 0:00:13]} 16. Nf3 {[%emt 0:00:06]} Be6 {[%emt 0:00:05]} 17. Ng5 1/2-1/2

[Event "2. AUT Bundesliga 2020-21"]
[Site "Graz"]
[Date "2021.03.13"]
[Round "2.1"]
[White "Rogic, Davor"]
[Black "Huber, Martin Christian"]
[Result "1/2-1/2"]
[WhiteElo "2492"]
[BlackElo "2344"]
[Annotator "ChessBase"]
[PlyCount "79"]
[EventDate "2021.01.17"]
[EventType "team-tourn"]
[EventCountry "AUT"]
[SourceTitle "playchess.com"]
[Source "ChessBase"]
[SourceQuality "1"]
[TimeControl "40/5400+30:1800+30"]

1. e4 {[%emt 0:00:00]} c5 {[%emt 0:00:06]} 2. Nf3 {[%emt 0:00:00]} e6 {[%emt 0:00:06]} 3. d4 {[%emt 0:00:07]} cxd4 {[%emt 0:00:07]} 4. Nxd4 {[%emt 0:00:03]} Nc6 {[%emt 0:00:04]} 5. Nc3 {[%emt 0:00:47]} Qc7 {[%emt 0:00:04]} 6. Be3 {[%emt 0:00:17]} a6 {[%emt 0:00:05]} 7. Be2 {[%emt 0:00:14]} Nf6 {[%emt 0:00:10]} 8. a3 {[%emt 0:00:24]} Be7 {[%emt 0:00:45]} 9. f4 {[%emt 0:00:24]} d6 {[%emt 0:01:12]} 10. g4 {[%emt 0:00:15]} Na5 {[%emt 0:05:44]} 11. g5 {[%emt 0:08:24]} Nd7 {[%emt 0:00:24]} 12. Rf1 {[%emt 0:06:29]} b5 {[%emt 0:02:53]} 13. Qd2 {[%emt 0:05:33]} Nb6 {[%emt 0:12:22]} 14. b3 {[%emt 0:03:05]} Bd7 {[%emt 0:23:23]} 15. Bd3 {[%emt 0:09:28]} Nb7 {[%emt 0:04:57]} 16. f5 {[%emt 0:03:04]} Rc8 {[%emt 0:03:50]} 17. fxe6 {[%emt 0:08:53]} fxe6 {[%emt 0:03:25]} 18. Nce2 {[%emt 0:01:35]} Nc5 {[%emt 0:04:41]} 19. Ng3 {[%emt 0:00:45]} g6 {[%emt 0:05:22]} 20. Nde2 {[%emt 0:14:26]} Bc6 {[%emt 0:08:11]} 21. h4 {[%emt 0:07:44]} Nbd7 {[%emt 0:08:30]} 22. b4 {[%emt 0:00:46]} Nxd3+ {[%emt 0:01:14]} 23. cxd3 {[%emt 0:00:08]} Ne5 {[%emt 0:02:29]} 24. Rc1 {[%emt 0:00:58]} Qb7 {[%emt 0:01:19]} 25. Nd4 {[%emt 0:12:11]} Bd7 {[%emt 0:01:54]} 26. Rxc8+ {[%emt 0:01:40]} Bxc8 {[%emt 0:01:11]} 27. Nge2 {[%emt 0:04:35]} Nf7 {[%emt 0:03:39]} 28. Qa2 {[%emt 0:03:10]} Qd7 {[%emt 0:01:30]} 29. Nf4 {[%emt 0:01:44]} Nd8 {[%emt 0:00:10]} 30. Nf3 {[%emt 0:00:57]} Rf8 {[%emt 0:04:32]} 31. h5 {[%emt 0:01:57]} gxh5 {[%emt 0:00:04]} 32. Nxh5 {[%emt 0:00:14]} Rf7 {[%emt 0:00:21]} 33. Qg2 {[%emt 0:01:50]} e5 {[%emt 0:00:37]} 34. Nf6+ {[%emt 0:02:02]} Bxf6 {[%emt 0:00:29]} 35. gxf6 {[%emt 0:00:01]} Qh3 {[%emt 0:01:04]} 36. Qg8+ {[%emt 0:02:44]} Rf8 {[%emt 0:00:01]} 37. Qg7 {[%emt 0:00:32]} Rf7 {[%emt 0:00:09]} 38. Qg8+ {[%emt 0:00:23]} Rf8 {[%emt 0:00:01]} 39. Qg7 {[%emt 0:00:58]} Rf7 {[%emt 0:00:00]} 40. Qg8+ {[%emt 0:00:00]} 1/2-1/2